A-Z Famous People - Arizona - Statistics

General Stats
  • This quiz has been taken 89 times
  • The average score is 7 of 26
Answer Stats
Picture Hint Answer % Correct
S - Actress & Producer Emma Stone
78%
J - Singer & Actor Joe Jonas
70%
M - Politician & Navy Officer John McCain
65%
D - Actor Ted Danson
61%
C - Actress & Singer Lynda Carter
59%
N - Singer & Songwriter Stevie Nicks
45%
E - Actress Barbara Eden
36%
O - Attorney & Politician Sandra Day O'Connor
35%
R - Singer Linda Ronstadt
32%
B - Singer & Songwriter Chester Bennington
24%
F - Actress & Model Danielle Fishel
20%
I - Football Player Richie Incognito
20%
H - Actor & Director David Henrie
19%
G - Politician & Major General Barry Goldwater
18%
A - Actor & Singer Rex Allen
16%
V - Model & Actress Amber Valletta
14%
W - Actress & Singer-Songwriter Mare Winningham
14%
U - Politician (part of a Political Family) Mark Udall
11%
K - Actress & Singer Chelsea Kane
9%
X - Name the show that this Actor (Matt Dallas) starred in: Kyle XY
9%
P - Sportscaster Samantha Ponder
9%
Q - Lawyer & Politician Ben Quayle
8%
T - Actor & Comedian Shayne Topp
7%
L - Fighter Ace Frank Luke
5%
Z - Voice Actor Jason Zumwalt
5%
Y - Stock Car Racing Driver J. J. Yeley
5%
No matching quizzes found
Score Distribution
Percent of People with Each Score
Percentile by Number Answered
Your Score History
You have not taken this quiz